Statistiques concernant Mots de la langue française terminés par "mure"

Cliquez ici pour prendre le quiz!

Statistiques générales

  • Ce quiz a été pris 155 fois
  • Le résultat moyen est 6 sur 13

Statistiques - réponses

MotIndice% Correct
chuchotementmurmure
96%
protectionarmure
95%
fruit de la roncemûre
95%
préparation très saléesaumure
82%
Br⁻bromure
77%
branchageramure
56%
cordage marinamure
29%
spectre malfaisant issu des croyances de l'antiquité romainelemure
22%
peau formée entre les orteilspalmure
18%
engraisfumure
15%
couche d'alliage étendue sur un objetetamure
13%
partie du gant qui couvre la paumeempaumure
4%
déchirureentamure
3%

Distribution des résultats

Percentile par nombre de réponses

% des personnes avec chaque résultat

Votre développement - résultats

Vous n’avez pas pris ce quiz